01097nac a22002651u 4500010001700000020004000017082002000057090001500077100003400092245009900126260005200225300002500277500002600302504006400328511002600392650003300418650003000451650004200481650004100523650004500564856007700609942002200686999001500708952010800723 a 2003020223 a0300102321 (hardcover : alk. paper)00a363.700973bSPE c6309d6309 aSpeth, James Gustave. 10aRed sky at morning :bAmerica and the crisis of the global environment /cJames Gustave Speth. aNew Haven :bYale University Press,2004cc2004. axv, 299 p. ;c22 cm. adistributer: Al-Ahram aIncludes bibliographical references (p. 269-275) and index. acatalgoued by: wessam 0aGlobal environmental change. 0aEnvironmental protection. 0aGlobalizationxEnvironmental aspects. 0aEnvironmental policyzUnited States. 0aEnvironmental protectionzUnited States.413Table of contentsuhttp://www.loc.gov/catdir/toc/ecip048/2003020223.html cBBk363.700973SPE c6309d6309 00104070aMAINbMAINc1STd2007-11-21ePurchasel0o363.700973SPEp000007366r2025-07-15 00:00:00yBB